• 首页
  • 本馆介绍
  • 公告通知
  • 最新文献
  • 馆藏检索
  • 电子资源
  • 读者导购
  • 参考咨询
  • 我的图书馆
  • 登录
  • 详细信息显示
  • 放入我的书架
  • 预约/预借图书
  • 作者相关作品
  • 分类相关作品
  • 丛书相关作品
  • 出版社相关作品

书目信息

  • 表格格式
  • 工作单格式
  • 卡片格式
题名:
画法几何及水利工程制图习题集
    
 
作者: 吕秋灵 , 郑桂兰 主编 ;河海大学 编
分册:  
出版信息: 北京   高等教育出版社  2015
页数: 79页
开本: 26×37cm
丛书名:
单 册:
中图分类: TV222.1-44
科图分类:
主题词: 画法几何--高等教育--习题集 , 水利工程--工程制图--高等教育--习题集
电子资源:
ISBN: 978-7-04-041457-8
000 01150nam0 2200277 450
001 0103450101
005 20150804153119.0
010    @a978-7-04-041457-8@dCNY36.90
100    @a20150324d2015 em y0chiy0120 ea
101 0  @achi
102    @aCN@b110000
105    @aa q 000yy
106    @ad
200 1  @a画法几何及水利工程制图习题集@9Hua Fa Ji He Ji Shui Li Gong Cheng Zhi Tu Xi Ti Ji @f吕秋灵,郑桂兰主编@g河海大学工程CAD与图学教研室编@b专著
210    @a北京@c高等教育出版社@d2015
215    @a79页@d26×37cm
300    @a普通高等教育“十一五”国家级规划教材
330    @a本习题集与河海大学工程CAD与图学教研室编《画法几何及水利工程制图》(第6版)配套使用。内容包括:制图基本知识、投影的基础知识、立体、立体表面相交、组合体、轴测图、标高投影、图解分析与方法、水利工程图等。
606 0  @a画法几何@x高等教育@j习题集
606 0  @a水利工程@x工程制图@x高等教育@j习题集
690    @aTV222.1-44@v5
701  0 @a吕秋灵@f(1956~)@4主编@9lü qiu ling
701  0 @a郑桂兰@c(女,@f1967~)@4主编@9zheng gui lan
712 02 @a河海大学@b工程CAD与图学教研室@4编@9he hai da xue
801  0 @aCN@bAZmarc@c20230907
905    @aBZT@dTV222@e5@f1@sTV222/5
    
    画法几何及水利工程制图习题集/吕秋灵,郑桂兰主编/河海大学工程CAD与图学教研室编.-北京:高等教育出版社,2015
    79页;26×37cm
    普通高等教育“十一五”国家级规划教材
    
    ISBN 978-7-04-041457-8:CNY36.90
    本习题集与河海大学工程CAD与图学教研室编《画法几何及水利工程制图》(第6版)配套使用。内容包括:制图基本知识、投影的基础知识、立体、立体表面相交、组合体、轴测图、标高投影、图解分析与方法、水利工程图等。
●
相关链接 在五车中查询图书 在当当中查询图书 在豆瓣中查询图书


正题名:画法几何及水利工程制图习题集     索取号:TV222/5         预约/预借

序号 登录号 条形码 馆藏地/架位号 状态 备注
1 2000010017   2000010017   旧书回溯/ [索取号:TV222/5] 在馆    
山东省滨州职业学院图书馆 欢迎您!
大连网信软件有限公司© 版权所有